000 00760nam a22001817a 4500
003 UA-OsUOA
001 12842
007 ta
008 20050531b un ||||| |||| 00| 0 ukr d
100 _aСергеєва Л.
942 _cSA
040 _aUA-OsUOA
_cUA-OsUOA
_dUA-OsUOA
245 _aДосвід створення предметного рубрикатора : У статті викладено досвід створення та загальні принципи побудови предметного рубрикатора Наукової бібліотеки Хмельницького державного університету
300 _aС.26-29
955 _a0
773 0 _w0
650 7 _aБібліотечні каталоги
_2UDC
999 _c299003
_d299003